Statistiques concernant Les Meilleurs buteurs de chaque édition de Ligue des Champions

Cliquez ici pour prendre le quiz!

Statistiques générales

  • Ce quiz a été pris 130 fois
  • Le résultat moyen est 15 sur 24

Statistiques - réponses

AnnéeMeilleur buteurMeilleur passeur% Correct
2012/13Cristiano RonaldoZlatan Ibrahimovic
98%
2017/18Cristiano RonaldoJames Milner
98%
2016/17Cristiano RonaldoNeymar
98%
2015/16Cristiano RonaldoKingsley Coman
98%
2013/14Cristiano RonaldoWayne Rooney
98%
2007/08Cristiano RonaldoAlex
98%
2011/12Lionel MessiLionel Messi
98%
2018/19Lionel MessiLeroy Sané
98%
2008/09Lionel MessiXavi Hernandez
98%
2009/10Lionel MessiWesley Sneijder
98%
2010/11Lionel MessiMesut Ozil
98%
2023/24Kylian MbappeJude Bellingham
92%
2021/22Karim BenzemaBruno Fernandes
81%
2014/15NeymarLionel Messi
72%
2006/07KakaRyan Giggs
42%
2000/01RaulLuis Figo
36%
2020/21Erling HaalandJuan Cuadrado
29%
2022/23Erling HaalandKevin de Bruyne
29%
2019/20Robert LewandowskiAngel Di Maria
24%
2005/06Andriy ChevtchenkoSteven Pienaar
21%
2001/02Ruud van NistelrooyHasan Salihamidzic
4%
2004/05Ruud van NistelrooySylvain Wiltord
4%
2002/03Ruud van NistelrooyPablo Aimar
4%
2003/04Fernando MorientesJérome Rothen
1%

Distribution des résultats

Percentile par nombre de réponses

% des personnes avec chaque résultat

Votre développement - résultats

Vous n’avez pas pris ce quiz